000 00540 a2200157 4500
999 _c8268
_d8268
020 _a9781841505701
050 _aPN2075 PRI 2012
100 _aPrior, Ross W.
_eauthor
245 _a Teaching actors :
_bknowledge transfer in actor training /
_cRoss W Prior
264 _aBristol [England] :
_bIntellect,
_c2012.
300 _a1 online resource (xxv, 243 pages) : illustrations
500 _alncludes index
650 _aActing -- Study and teaching.
650 _aPERFORMING ARTS -- Theater -- General.
942 _2lcc
_cBK
_h2075
_iPRI
_kPN